Statistics for All About Málaga

Click here to take the quiz!

General Stats

  • This quiz has been taken 361 times
  • The average score is 10 of 15

Answer Stats

HintAnswer% Correct
What country is Málaga located in?Spain
98%
What British territory is less than 100 kilometers from Málaga?Gibraltar
93%
Other than that, what is the nearest foreign country to Málaga?Morocco
88%
During the 20th century, how many times did it snow in Málaga?Once
80%
Which foreign country sends the greatest number of tourists to Málaga?United Kingdom
77%
What region is Málaga part of?Andalucia
76%
What informal coastal region is Málaga the "capital" of?Costa del {Sol}
76%
What extremely famous painter was born in Málaga in 1881?Pablo Picasso
76%
What is the capital of that region?Seville
73%
What group of people controlled Málaga from 711 AD to 1487 AD?The Moors
73%
What nearby city is the location of the Alhambra palace?Granada
65%
What type of fruit-bearing trees are you likely to see around the streets of Málaga?Orange Trees
60%
What group of Mediterranean seafaring people founded Málaga around 770 BC?Phoenicians
40%
What important building in Málaga is unfinished?Málaga Cathedral
33%
People from Paris are called Parisians. What are people from Málaga called?Malagueñas
22%

Score Distribution

Percentile by Number Answered

Percent of People with Each Score

Your Score History

You have not taken this quiz